Respuesta de la soja de segunda a la fertilización nitrogeneda y espaciamiento entre surcos /

Guardado en:
Autor Principal: Hecl, Pablo.
Autor Corporativo: Universidad Nacional del Sur. Departamento de Agronomía.
Otros Autores: Ron, María de las Mercedes, (tutor.)
Formato: Libro
Idioma:Spanish
Publicado: Bahía Blanca, 2009.
Etiquetas: Agregar Etiqueta
Sin Etiquetas, Sea el primero en etiquetar este registro!
LEADER 00718nam a22001695a 4500
001 EEA.libagro008152
005 20161020092945.0
008 130809s2009####ag#a##########000#0#spa#d
082 0 4 |a 633.34 
100 1 |a Hecl, Pablo. 
245 1 0 |a Respuesta de la soja de segunda a la fertilización nitrogeneda y espaciamiento entre surcos /  |c Pablo Hecl. 
260 |a Bahía Blanca,  |c 2009. 
300 |a 31 h. :  |b il. ;  |c 30 cm. 
502 |a Trabajo de intensificación (Ingeniero Agrónomo) -- Universidad Nacional del Sur. Departamento de Agronomía, 2009. 
700 1 |a Ron, María de las Mercedes,  |e tutor. 
710 2 |a Universidad Nacional del Sur.  |b Departamento de Agronomía. 
859 |a AR-BbBCA  |b BIB. AGRONOMIA  |h 633.34  |i H449  |p 2009/5541